Methods of research and thesis writing / (Record no. 410)

MARC details
000 -LEADER
fixed length control field 00697nam a22002177a 4500
005 - DATE AND TIME OF LATEST TRANSACTION
control field 20230602023249.0
008 - FIXED-LENGTH DATA ELEMENTS--GENERAL INFORMATION
fixed length control field 221215b |||||||| |||| 00| 0 eng d
020 ## - INTERNATIONAL STANDARD BOOK NUMBER
International Standard Book Number 971-23-1818-4
082 ## - DEWEY DECIMAL CLASSIFICATION NUMBER
Classification number Grad./Fil. 001.4 C164 2000
100 ## - MAIN ENTRY--PERSONAL NAME
Personal name Calmorin, Laurentina P.
Relator term author
245 ## - TITLE STATEMENT
Title Methods of research and thesis writing /
Statement of responsibility, etc. Laurentina Paler-Calmorin, Melchor A. Calmorin
250 ## - EDITION STATEMENT
Edition statement 1st ed.
260 ## - PUBLICATION, DISTRIBUTION, ETC.
Place of publication, distribution, etc. Manila:
Name of publisher, distributor, etc. Rex Book Store,
Date of publication, distribution, etc. c2000.
300 ## - PHYSICAL DESCRIPTION
Extent xiv, 390p.
504 ## - BIBLIOGRAPHY, ETC. NOTE
Bibliography, etc. note Includes index <br/>
505 ## - FORMATTED CONTENTS NOTE
Formatted contents note Originally published: Rex Book Store, 1995.
541 ## - IMMEDIATE SOURCE OF ACQUISITION NOTE
Accession number 1476 c.1, 1477 c.2, 1478 c.3
650 ## - SUBJECT ADDED ENTRY--TOPICAL TERM
Topical term or geographic name entry element Research
650 ## - SUBJECT ADDED ENTRY--TOPICAL TERM
Topical term or geographic name entry element Thesis
700 ## - ADDED ENTRY--PERSONAL NAME
Personal name Calmorin, Melchor A.
Relator term author
Holdings
Withdrawn status Lost status Source of classification or shelving scheme Damaged status Not for loan Home library Current library Date acquired Total Checkouts Full call number Barcode Date due Date last seen Date last checked out Copy number Price effective from Koha item type
    Dewey Decimal Classification     ctu-moalboal ctu-moalboal 06/13/2011 1 Grad./Fil. 001.4 C164 2000 1476 02/16/2026 02/02/2026 02/02/2026 1 12/15/2022 Books - Graduate School
    Dewey Decimal Classification     ctu-moalboal ctu-moalboal 06/13/2011 1 Grad./Fil. 001.4 C164 2000 1477   08/07/2025 03/22/2023 2 12/15/2022 Books - Graduate School
    Dewey Decimal Classification     ctu-moalboal ctu-moalboal 06/13/2011 1 Grad./Fil. 001.4 C164 2000 1478   03/18/2026 03/18/2026 3 12/15/2022 Books - Graduate School